| 000 | 01473nam a2200241Ia 4500 | ||
|---|---|---|---|
| 999 |
_c42488 _d42488 |
||
| 001 | 9185 | ||
| 003 | GE_BSU | ||
| 005 | 20250206155121.0 | ||
| 008 | 181216r2014||||ge |||||||||||||| ||geo|| | ||
| 022 | _a1987-555x | ||
| 040 | _cGE_BSU | ||
| 041 | _ageo | ||
| 245 |
_aინტეგრალი : _bსტუდენტური ლიტერატურული ჟურნალი / _cბათუმის შოთა რუსთაველის სახელმწიფო უნივერსიტეტი ; სარედაქციო ჯგუფი: მინდია ცეცხლაძე, ირაკლი ყურუა, ლაშა მიქელაძე. |
||
| 260 |
_c2014 _aბათუმი : _bშოთა რუსთაველის სახელმწიფო უნივერსიტეტი, |
||
| 300 | _a V. | ||
| 653 | _aპერიოდოკა | ||
| 653 | _aსტუდენტური ლიტერატურული ჟურნალი | ||
| 700 |
_aცეცხლაძე, მინდია _e რედაქტორი _910842 |
||
| 700 |
_aყურუა, ირაკლი _eრედაქტორი _924268 |
||
| 700 |
_aმიქელაძე, ლაშა _eრედაქტორი _924269 |
||
| 710 |
_aბათუმის შოთა რუსთაველის სახელმწიფო უნივერსიტეტი. _924270 |
||
| 942 |
_cCR _2udc |
||